000 00570nam a22001697a 4500
008 170126b xxu||||| |||| 00| 0 eng d
020 _a9780070319844
050 _aHM1033
_b.M94 2012
100 _aMyers, David G.
245 _aSocial psychology /
_cDavid G. Myers.
250 _a5th Canadian ed.
260 _a New York, NY :
_bMcGraw-Hill,
_c2012.
300 _a xxiv, 650, [120] p. :
_bill. (some col.), map ;
_c26 cm. +
500 _a Includes bibliographical references (p. R-1-R-94) and indexes
650 _aSocial psychology.
942 _2lcc
_cBK
999 _c48118
_d48118